Online
Catalog

El foro público en la Era de Trujillo : (Record no. 21363)

MARC details
000 -CABECERA
campo de control de longitud fija 02355nam a2200385 i 4500
001 - NÚMERO DE CONTROL
campo de control 000021865
003 - IDENTIFICADOR DEL NÚMERO DE CONTROL
campo de control DO-SdBNP
005 - FECHA Y HORA DE LA ÚLTIMA TRANSACCIÓN
campo de control 20251215130553.0
007 - CAMPO FIJO DE DESCRIPCIÓN FÍSICA--INFORMACIÓN GENERAL
campo de control de longitud fija ta
008 - DATOS DE LONGITUD FIJA--INFORMACIÓN GENERAL
campo de control de longitud fija 100914e2000 dr a gr 001 0dspa d
020 ## - NÚMERO INTERNACIONAL ESTÁNDAR DEL LIBRO
Número Internacional Estándar del Libro 999342904X
040 ## - FUENTE DE LA CATALOGACIÓN
Centro catalogador/agencia de origen DO-SdBNP
Lengua de catalogación spa
Centro/agencia transcriptor BNPHU
Normas de descripción rda
041 ## - CÓDIGO DE LENGUA
Código de lengua del texto/banda sonora o título independiente spa
082 #4 - NÚMERO DE LA CLASIFICACIÓN DECIMAL DEWEY
Número de clasificación 972.93053
Número de documento/Ítem C697f 2000
Número de edición 22
100 1# - ENTRADA PRINCIPAL--NOMBRE DE PERSONA
Nombre de persona Collado, Lipe,
Fechas asociadas al nombre 1947-
9 (RLIN) 79819
Término indicativo de función/relación autor
Código de función/relación aut.
245 13 - MENCIÓN DE TÍTULO
Título El foro público en la Era de Trujillo :
Resto del título de cómo el chisme fue elevado a la categoría de asunto de estado /
Mención de responsabilidad, etc. Lipe Collado.
250 ## - MENCIÓN DE EDICIÓN
Mención de edición Tercera edición
264 #4 - PRODUCCIÓN, PUBLICACIÓN, DISTRIBUCIÓN, FABRICACIÓN Y COPYRIGHT
Producción, publicación, distribución, fabricación y copyright Santo Domingo, República Dominicana
Nombre del de productor, editor, distribuidor, fabricante Editora Collado, S. A.,
Fecha de producción, publicación, distribución, fabricación o copyright ©2000.
300 ## - DESCRIPCIÓN FÍSICA
Extensión 271 páginas :
Otras características físicas ilustraciones ;
Dimensiones 23 cm.
336 ## - TIPO DE CONTENIDO
Término de tipo de contenido texto
Código de tipo de contenido txt
Fuente rdacontent
337 ## - TIPO DE MEDIO
Nombre/término del tipo de medio sin mediación
Código del tipo de medio n
Fuente rdamedia
338 ## - TIPO DE SOPORTE
Nombre/término del tipo de soporte volumen
Código del tipo de soporte nc
Fuente rdacarrier
500 ## - NOTA GENERAL
Nota general Incluye datos biográficos del autor en las solapas de las cubiertas.
500 ## - NOTA GENERAL
Nota general Incluye índice de 243 foros.
500 ## - NOTA GENERAL
Nota general Incluye índice Onomástico
504 ## - NOTA DE BIBLIOGRAFÍA, ETC.
Nota de bibliografía, etc. Incluye referencias bibliográficas y notas al pie de las páginas.
505 0# - NOTA DE CONTENIDO CON FORMATO
Información miscelánea Palabras preliminares --
Título De cómo el chisme fue elevado a la categoría de asunto de estado --
-- Vocación por la comunicación --
-- Antecedentes inmediatos del Foro Público --
-- Una cadena presagiosa --
-- Una visión certera --
-- Entre la confidencia y la inteligencia --
-- Redactores del foro --
-- Los tirilleros de Trujillo --
-- Los profesionales del forismo --
-- Trujillo: jefe del Foro Público --
-- Un monumento al chisme --
Información miscelánea Segunda parte :
Título Foro contra antitrujillistas --
Información miscelánea Tercera parte :
Título Casos muy sonados --
-- Los foros contra los abogados, Federico C. Álvarez y Eduardo Sánchez Cabral --
-- Algo más sobre este caso --
-- Foros contra la iglesia católica --
-- El caso de Anselmo Paulino --
-- Foros contra la familia Henríquez --
-- Otros foros --
-- Dos foros contra Balaguer --
-- Balaguer se defiende --
-- Índice onomástico.
590 ## - NOTA LOCAL (RLIN)
Nota local Inventariado, 2020 / MF
650 #4 - PUNTO DE ACCESO ADICIONAL DE MATERIA--TÉRMINO DE MATERIA
Término de materia o nombre geográfico como elemento de entrada Diarios dominicanos
Subdivisión general Secciones, columnas, etc.
9 (RLIN) 44
650 #4 - PUNTO DE ACCESO ADICIONAL DE MATERIA--TÉRMINO DE MATERIA
Término de materia o nombre geográfico como elemento de entrada Política y medios de comunicación de masas
9 (RLIN) 18709
651 #4 - PUNTO DE ACCESO ADICIONAL DE MATERIA--NOMBRE GEOGRÁFICO
Nombre geográfico República Dominicana
Subdivisión general Política Y Gobierno
Subdivisión cronológica ERA DE TRUJILLO, 1930-1961
9 (RLIN) 1374
730 0# - PUNTO DE ACCESO ADICIONAL--TÍTULO UNIFORME
Título uniforme El Caribe (República Dominicana)
Nombre de parte o sección de la obra El Foro Público
9 (RLIN) 45395
910 ## - DATOS DE OPCIÓN DEL USUARIO (OCLC)
Datos de opción del usuario Validado. Control de calidad EMS.
942 ## - ELEMENTOS DE PUNTO DE ACCESO ADICIONAL (KOHA)
Fuente del sistema de clasificación o colocación Dewey Decimal Classification
Tipo de ítem Koha Libro
Holdings
Estado de retiro Estado de pérdida Fuente del sistema de clasificación o colocación Restricciones de uso No para préstamo Código de colección Localización permanente Ubicación/localización actual Ubicación en estantería Fecha de adquisición Fuente de adquisición Signatura topográfica completa Código de barras Fecha visto por última vez Número de copia Precio válido a partir de Tipo de ítem Koha Total de préstamos
    Dewey Decimal Classification Préstamo en sala   Dominicana de Servicio Biblioteca Nacional Pedro Henríquez Ureña Biblioteca Nacional Pedro Henríquez Ureña Depósito 13.07.2011 Compra / Enarey Group BNPHU DS 972.93053 C697f 2000 21865-30 25.06.2020 e. 3 25.06.2020 Libro  
    Dewey Decimal Classification Excluido de préstamo   Patrimonio Dominicano Biblioteca Nacional Pedro Henríquez Ureña Biblioteca Nacional Pedro Henríquez Ureña Depósito 14.09.2010 Depósito Legal BNPHU PD 972.93053 C697f 2000 21865-10 25.06.2020   25.06.2020 Libro  
    Dewey Decimal Classification Excluido de préstamo   Patrimonio Dominicano Biblioteca Nacional Pedro Henríquez Ureña Biblioteca Nacional Pedro Henríquez Ureña Depósito 14.09.2010 Depósito Legal BNPHU PD 972.93053 C697f 2000 21865-20 25.06.2020 e. 2 25.06.2020 Libro  
    Dewey Decimal Classification Préstamo en sala   Dominicana de Servicio Biblioteca Nacional Pedro Henríquez Ureña Biblioteca Nacional Pedro Henríquez Ureña Depósito 09.06.2014 Donado por Reyes Duluc BNPHU DS 972.93053 C697f 2000 2025-13901 15.12.2025 e. 4 15.12.2025 Libro  

Powered by Koha